| 000 | 00382 a2200145 4500 | ||
|---|---|---|---|
| 999 |
_c325410 _d325410 |
||
| 001 | 90337 | ||
| 003 | NUST | ||
| 082 | _a892.7 ABU | ||
| 100 |
_aAbul Hassan Mansoor Ahmad _99279 |
||
| 245 |
_aAlif Laila o Laila (Vol-V) _hUrdu _bAik Hazaar Aik Dastaan |
||
| 250 | _aVol-V | ||
| 260 |
_aLahore _bTahleeqaat Publishers _c2011 |
||
| 300 | _a358p. | ||
| 500 | _aGeneral Books | ||
| 942 |
_aCAE NUST _cBK _k892.7 ABU _2ddc |
||